000 01092nam a2200277 a 4500
001 000016572
003 DO-SdBNP
005 20250129140510.0
008 100308s1985 dr 000 0 spa d
040 _aDO-SdBNP
_bspa
_cBNPHU
082 4 _a371.102
_bD555g
_222
110 1 _aRepública Dominicana.
_bSecretaría de Estado de Educación, Bellas Artes y Cultos
_923965
245 1 0 _aDidáctica general /
_cHaydee Encarnación Lorenzo, María Ramos de Bueno, Georgina Rivas de Peralta, Marcos Evangelista Vegal Gil
264 _aSanto Domingo :
_bEditora Taller,
_c1985.
300 _a226 páginas ;
_c24 cm.
336 _atexto
_btxt
_2rdacontent
337 _asin mediación
_bn
_2rdamedia
338 _avolumen
_bnc
_2rdacarrier
650 7 _aPedagogía
_9693
_2LEMB
650 7 _aMetodologia en pedagogia
_917525
700 1 _aEncarnación Lorenzo, Haydée,
_eautor
_4aut.
_936843
700 1 _aRamos Bueno, María de,
_eautor
_4aut.
_936844
700 1 _aRivas de Peralta, Georgina,
_eautor
_4aut.
_936845
700 1 _aVegal Gil, Marcos Evangelista,
_eautor
_4aut.
_936846
942 _2ddc
_cLBS1
999 _c16105
_d16105